000 00433nam a2200157Ia 4500
008 151213s9999 xx 000 0 und d
100 _aW. O. Strtion & Dr. A. R.Khan
245 _aManagement Accounting
_cW. O. Strtion & Dr. A. R.Khan
250 _a1st
260 _aDelhi
_bPearson Education
_c2002
300 _a4256 p.
650 _aAccounting
650 _aAccounting
700 _aW. O. Strtion & Dr. A. R.Khan
999 _c2680
_d2680